Vkladni z oblastej pivničnokarpats'kych

Podrobná bibliografia
Hlavný autor: Paňkevič, Ivan, 1887-1958 (Autor)
Médium: Článok
Jazyk:ukrajinčina
Fyzický popis:Fotogr.
Predmet:

MARC

LEADER 00000nab a2200000 a 4500
001 vtls009152782
003 SK-MaSNL
005 20260318123811.0
008 140923c1970 xo kr 000 c0ukr
015 |a SNBRA2007/10 
038 |a SVKPOCL 
040 |a SVKPO  |b slo  |c SVKPO  |e AACR2 
041 0 |a ukr 
044 |a xo  |c SK 
080 |a 94(438+477):005.91/.92"15/16"  |2 2001 
080 |a 005.91/.92(438+477)(093)"15/16"  |2 2001 
100 1 |a Paňkevič, Ivan,  |d 1887-1958  |4 aut  |9 131986 
245 1 0 |a Vkladni z oblastej pivničnokarpats'kych  |c Ivan Pan'kevyč 
300 |b Fotogr. 
500 |a Zborník obsahuje články Ivana Pan'kevyča na tému Materiály k dejinám jazyka juhokarpatských Ukrajincov 
504 |a Bibliogr. odkazy 
648 7 |a 16.-17. stor.  |2 svkpocl  |9 297384 
650 0 7 |a historické dokumenty  |z Poľsko a Ukrajina  |x historické záznamy  |x darovacie záznamy  |2 svkpocl  |9 1334107 
650 0 7 |a písomnosti  |z Poľsko a Ukrajina  |x historické záznamy  |x darovacie záznamy  |2 svkpocl  |9 1334108 
651 7 |a Poľsko  |2 svkpocl  |9 16755 
651 7 |a Ukrajina  |2 svkpocl  |9 168045 
655 7 |a štúdie  |2 svkpocl  |9 57033 
773 0 |t Vedecký zborník Múzea ukrajinskej kultúry vo Svidníku 4. Kniha druhá = Naukovyj zbirnyk Muzeju ukrajins'koji kul'tury v Svydnyku 4. Knyha druha.  |d Bratislava : Slovenské pedagogické nakladateľstvo ; Prešov : Odbor ukrajinskej literatúry, 1970  |g S. 154-157 
852 |a SVKPO  |b KIS3GCP 
958 |a UK 
958 |a SK 
958 |a UA 
958 |a NB 
958 |a PL 
999 |c 2704408  |d 2706338